La decorazione del libro (Record no. 30993)

MARC details
000 -LEADER
campo de control de longitud fija 00607nam a2200193 i 4500
001 - NÚMERO DE CONTROL
campo de control 30993
003 - IDENTIFICADOR DE NÚMERO DE CONTROL
campo de control ES-MaACL
005 - FECHA Y HORA DE LA ÚLTIMA TRANSACCIÓN
campo de control 20250825001412.0
007 - CAMPO FIJO DE DESCRIPCIÓN FÍSICA--INFORMACIÓN GENERAL
campo de control de longitud fija t|
008 - DATOS DE LONGITUD FIJA--INFORMACIÓN GENERAL
campo de control de longitud fija 030128q1924 it ||||1| ita d
100 1# - ENTRADA PRINCIPAL--NOMBRE DE PERSONA
Nombre de persona Battaglini, Dardo.
9 (RLIN) 26469
245 13 - MENCIÓN DEL TÍTULO
Título La decorazione del libro
Resto del título : 90 disegni /
Mención de responsabilidad, etc. del pittore Dardio Battaglini ; prefazione del cav. Cesare Ratta.
260 ## - PUBLICACIÓN, DISTRIBUCIÓN, ETC.
Lugar de publicación, distribución, etc. Alessandria :
Nombre del editor, distribuidor, etc. Ariel,
Fecha de publicación, distribución, etc. [1924?]
300 ## - DESCRIPCIÓN FÍSICA
Extensión 31 p., XLV lám. ;
Dimensiones 24 cm.
650 #7 - PUNTO DE ACCESO ADICIONAL DE MATERIA--TÉRMINO DE MATERIA
Término de materia o nombre geográfico como elemento de entrada Ilustración de libros
Fuente del encabezamiento o término embne
9 (RLIN) 165696
700 1# - ENTRADA AGREGADA--NOMBRE PERSONAL
Nombre de persona Ratta, Cesare.
9 (RLIN) 95536
852 ## - LOCALIZACIÓN
Ubicación ES-MaACL
Número de control de estantería A-188
Holdings
Estatus retirado Estado de pérdida Estado de daño No para préstamo Biblioteca de origen Biblioteca actual Ubicación en estantería Fecha de adquisición Fuente de adquisición Total de préstamos Signatura topográfica completa Código de barras Visto por última vez Precio de reemplazo Tipo de ítem Koha
        Biblioteca del Ateneo de Madrid Biblioteca del Ateneo de Madrid Sala Pecera Planta 1 17/01/2008     A-188 1032018 23/02/2023 23/02/2023 Libro impreso